[Event "Barcelona Sant Marti op-B 20th"]
[Site "Barcelona"]
[Date "2018.07.15"]
[Round "3"]
[White "Salvador Sanchez, Ricardo"]
[Black "Marcos Rodriguez, Raul"]
[Result "1-0"]
[WhiteElo "1606"]
[BlackElo "1360"]
[PlyCount "93"]
[EventDate "2018.07.13"]
[EventType "swiss"]
[EventRounds "9"]
[EventCountry "ESP"]
[SourceTitle "EXT 2019"]
[Source "ChessBase"]
[SourceDate "2018.10.10"]
[SourceVersion "1"]
[SourceVersionDate "2018.10.10"]
[SourceQuality "1"]

1. b4 e6 2. b5 b6 3. Bb2 Bb7 4. e3 d5 5. Nf3 Nd7 6. c4 dxc4 7. Bxc4 Ngf6 8. 0-0 Bd6 9. Nc3 Qe7 10. a4 0-0 11. d3 Rac8 12. Re1 c6 13. e4 Ne5 14. Nxe5 Bxe5 15. d4 Bf4 16. Qb3 cxb5 17. axb5 e5 18. dxe5 Qxe5 19. g3 Bh6 20. Nd5 Qg5 21. Bxf6 gxf6 22. f4 Qg6 23. Ne7+ Kh8 24. Nxg6+ fxg6 25. Rxa7 Rb8 26. e5 fxe5 27. Rxe5 Bg7 28. Re7 Bd4+ 29. Kf1 g5 30. Rxh7+ Kxh7 31. Qd3+ Kh6 32. Qxd4 gxf4 33. gxf4 Kh5 34. Rxb7 Rxb7 35. Qd5+ Kg4 36. Qg5+ Kf3 37. Be2+ Ke3 38. Qe5+ Kd2 39. Qd4+ Kc2 40. Qe4+ Kd2 41. Qd3+ Kc1 42. Qc3+ Kb1 43. Bd3+ Ka2 44. Bc4+ Kb1 45. Qb4+ Ka1 46. Qa3+ Kb1 47. Bd3# 1-0

[Event "Foment Martinenc op-C 16th"]
[Site "Barcelona"]
[Date "2014.04.26"]
[Round "1"]
[White "Gomez Albamonte, Sonia"]
[Black "Salvador Sanchez, Ricardo"]
[Result "0-1"]
[WhiteElo "1703"]
[BlackElo "1793"]
[PlyCount "202"]
[EventDate "2014.04.26"]
[EventType "swiss"]
[EventRounds "9"]
[EventCountry "ESP"]
[SourceTitle "EXT 2015"]
[Source "ChessBase"]
[SourceDate "2014.11.20"]
[SourceVersion "1"]
[SourceVersionDate "2014.11.20"]
[SourceQuality "1"]

1. c4 e5 2. Nc3 c5 3. g3 Nc6 4. Bg2 Nge7 5. e3 g6 6. Nge2 Bg7 7. 0-0 d6 8. d3 0-0 9. e4 Be6 10. Nd5 f5 11. f4 Bxd5 12. cxd5 Nd4 13. Nxd4 cxd4 14. Qb3 Qb6 15. Qxb6 axb6 16. fxe5 dxe5 17. Bd2 fxe4 18. dxe4 Rxf1+ 19. Bxf1 Rc8 20. Rc1 Rxc1 21. Bxc1 Nc8 22. Kf2 Kf7 23. Bd2 Bf8 24. Kf3 Bc5 25. Bc4 Nd6 26. Bf1 b5 27. b3 b4 28. h4 Kg7 29. Be2 Nf7 30. g4 h6 31. g5 hxg5 32. hxg5 Nd6 33. Be1 Nf7 34. Bd2 Kf8 35. Bc4 Nd6 36. Bf1 Ke7 37. Bd3 Ne8 38. Bc4 Kd6 39. Bb5 Nc7 40. Bd3 Kd7 41. Be1 Kc8 42. Bg3 Bd6 43. Be1 Kb8 44. Bd2 Ka7 45. Ke2 Kb6 46. Bc4 Ne8 47. Kf3 Kc5 48. Ke2 Ng7 49. Kf3 Be7 50. Kg4 Bd6 51. Bc1 Nh5 52. a3 b5 53. axb4+ Kxb4 54. Bd2+ Ka3 55. Bxb5 Kxb3 56. Be8 Kc2 57. Bxg6 Ng7 58. Ba5 d3 59. Bh5 Bc5 60. g6 Be3 61. Kh4 d2 62. Bxd2 Kxd2 63. d6 Kd3 64. d7 Bb6 65. Bf3 Bd8+ 66. Kg4 Kd4 67. Bg2 Kc5 68. Kf3 Kd6 69. Bh3 Ke7 70. Bf5 Kf6 71. Kg4 Bc7 72. Kf3 Bd8 73. Kg4 Bb6 74. Kf3 Ke7 75. Bg4 Kd8 76. Ke2 Ke7 77. Kf3 Bd8 78. Bh3 Kf6 79. Bf5 Kg5 80. Ke3 Kf6 81. Kf3 Ke7 82. Ke3 Kd6 83. Kd3 Bf6 84. Kc4 Nxf5 85. exf5 Kxd7 86. Kd3 Bg7 87. Ke4 Ke7 88. Ke3 Kf6 89. Ke4 Bh6 90. g7 Bxg7 91. Ke3 Kxf5 92. Ke2 e4 93. Ke3 Bh6+ 94. Kf2 Kf4 95. Ke2 e3 96. Kf1 Kf3 97. Ke1 Bf8 98. Kf1 Bb4 99. Kg1 Kg3 100. Kf1 Kf3 101. Kg1 e2 0-1

[Event "Barcelona Primavera La Lira op 6th"]
[Site "Barcelona"]
[Date "2013.04.11"]
[Round "1"]
[White "Salvador Sanchez, Ricardo"]
[Black "Mansilla Lou, Lluis"]
[Result "0-1"]
[WhiteElo "1681"]
[BlackElo "1971"]
[PlyCount "74"]
[EventDate "2013.04.11"]
[EventType "swiss"]
[EventRounds "9"]
[EventCountry "ESP"]
[SourceTitle "CBM 154 Extra"]
[Source "ChessBase"]
[SourceDate "2013.06.25"]
[SourceVersion "2"]
[SourceVersionDate "2013.06.25"]
[SourceQuality "1"]

1. f4 d5 2. Nf3 c5 3. e3 Nc6 4. Bb5 Bd7 5. 0-0 Qb6 6. Bxc6 Bxc6 7. b3 Nf6 8. Bb2 g6 9. d4 Bb5 10. dxc5 Qxc5 11. Bd4 Qd6 12. Re1 Bg7 13. Nbd2 0-0 14. e4 dxe4 15. Nxe4 Qxf4 16. Nxf6+ Bxf6 17. Bxf6 Qxf6 18. Qd4 Rfd8 19. Qc5 Bc6 20. Qxe7 Qxe7 21. Rxe7 Kf8 22. Re3 Re8 23. Rae1 Bxf3 24. Rxe8+ Rxe8 25. Rxe8+ Kxe8 26. gxf3 Ke7 27. Kf2 Ke6 28. Ke3 g5 29. c4 f5 30. b4 h5 31. a4 Ke5 32. f4+ gxf4+ 33. Kf3 Kd4 34. Kxf4 Kxc4 35. Kxf5 Kxb4 36. Kg5 Kxa4 37. Kxh5 b5 0-1

[Event "Hospitalet op"]
[Site "Hospitalet"]
[Date "2009.01.03"]
[Round "7"]
[White "Salvador Sanchez, Ricardo"]
[Black "Capellades Subirana, Marc"]
[Result "0-1"]
[WhiteElo "1687"]
[BlackElo "2163"]
[PlyCount "120"]
[EventDate "2008.12.27"]
[EventType "swiss"]
[EventRounds "9"]
[EventCountry "ESP"]
[SourceTitle "CBM 128 Extra"]
[Source "ChessBase"]
[SourceDate "2009.03.05"]
[SourceVersion "2"]
[SourceVersionDate "2009.03.25"]
[SourceQuality "1"]

1. f4 d5 2. Nf3 g6 3. e3 Bg7 4. Nc3 Nf6 5. Rb1 b6 6. b3 Bb7 7. Bb2 0-0 8. Bd3 c5 9. 0-0 Nc6 10. Bb5 a6 11. Bxc6 Bxc6 12. Ne5 Bb7 13. d4 Nd7 14. Nxd7 Qxd7 15. Na4 Qc6 16. Rf2 c4 17. Nc3 b5 18. b4 f6 19. Rd2 e6 20. Qf1 Qb6 21. Qe2 Rfd8 22. e4 Re8 23. e5 fxe5 24. fxe5 Rf8 25. Rf1 Rxf1+ 26. Kxf1 Rf8+ 27. Kg1 Rf5 28. Kh1 Qd8 29. Kg1 Qh4 30. g3 Qh3 31. Qg2 Qg4 32. Qe2 Qg5 33. Bc1 Qe7 34. a3 Bc6 35. Rd1 Qa7 36. Be3 a5 37. Nb1 axb4 38. axb4 Qa2 39. Qd2 Qa7 40. Qc1 Bb7 41. Rf1 Rxf1+ 42. Kxf1 Qb6 43. c3 Qd8 44. Kg2 Bxe5 45. dxe5 d4+ 46. Kf2 dxe3+ 47. Qxe3 Qd5 48. Qd4 Qg2+ 49. Ke1 Qh1+ 50. Kd2 Qxh2+ 51. Kc1 Qh1+ 52. Kb2 Qd5 53. Kc2 Qxd4 54. cxd4 Be4+ 55. Kb2 Bxb1 56. Kxb1 g5 57. Kc2 h5 58. Kc3 h4 59. d5 exd5 60. Kd4 hxg3 0-1